[Event "WCO 2016"]
[Site "?"]
[Date "2016.09.13"]
[Round "11"]
[Board "24"]
[WhiteID "5600723"]
[White "Klotz Jutta"]
[BlackID "14122103"]
[Black "Gonchar Svitlana"]
[Result "0-1"]
[BlackElo "1807"]
[WhiteElo "1490"]
[LiveChessVersion "1.4.8"]

1. c4 {[%clk 1:30:56]} Nf6 {[%clk 1:30:29]} 2. Nc3 {[%clk 1:31:18]} e6
{[%clk 1:30:55]} 3. g3 {[%clk 1:31:39]} d5 {[%clk 1:31:20]} 4. cxd5
{[%clk 1:32:00]} exd5 {[%clk 1:31:45]} 5. d4 {[%clk 1:32:19]} c6 {[%clk 1:32:03]}
6. Bg2 {[%clk 1:32:34]} Bd6 {[%clk 1:23:55]} 7. Nf3 {[%clk 1:32:54]} O-O
{[%clk 1:22:20]} 8. O-O {[%clk 1:33:18]} Bf5 {[%clk 1:18:55]} 9. Bg5
{[%clk 1:32:13]} Nbd7 {[%clk 1:18:54]} 10. Re1 {[%clk 1:29:43]} h6
{[%clk 1:15:21]} 11. Bd2 {[%clk 1:28:00]} Ne4 {[%clk 1:11:43]} 12. Qc1
{[%clk 1:26:14]} Nxd2 {[%clk 1:09:51]} 13. Nxd2 {[%clk 1:25:44]} Nf6
{[%clk 1:08:08]} 14. e4 {[%clk 1:23:17]} dxe4 {[%clk 1:03:07]} 15. Ndxe4
{[%clk 1:23:07]} Nxe4 {[%clk 1:02:16]} 16. Nxe4 {[%clk 1:21:40]} Bb4
{[%clk 1:01:13]} 17. Rd1 {[%clk 1:20:33]} Re8 {[%clk 0:56:45]} 18. Nc5
{[%clk 1:19:43]} Bxc5 {[%clk 0:49:04]} 19. dxc5 {[%clk 1:19:58]} Qf6
{[%clk 0:49:18]} 20. b4 {[%clk 1:09:24]} Be4 {[%clk 0:49:16]} 21. a4
{[%clk 1:05:13]} Bxg2 {[%clk 0:47:55]} 22. Kxg2 {[%clk 1:02:57]} Re2
{[%clk 0:46:00]} 23. Rf1 {[%clk 1:00:13]} Rd8 {[%clk 0:37:58]} 24. Qa3
{[%clk 0:55:48]} Rdd2 {[%clk 0:33:07]} 25. Qf3 {[%clk 0:51:44]} Rxf2+
{[%clk 0:26:55]} 26. Rxf2 {[%clk 0:49:58]} Rxf2+ {[%clk 0:26:09]} 27. Kxf2
{[%clk 0:46:49]} Qxa1 {[%clk 0:26:32]} 28. Qb3 {[%clk 0:40:19]} Qd4+
{[%clk 0:26:18]} 29. Kf3 {[%clk 0:34:07]} g5 {[%clk 0:24:18]} 30. g4
{[%clk 0:26:21]} Qf4+ {[%clk 0:24:25]} 31. Kg2 {[%clk 0:24:09]} Qxg4+
{[%clk 0:24:47]} 32. Kf2 {[%clk 0:24:15]} Qf4+ {[%clk 0:24:58]} 33. Kg2
{[%clk 0:24:06]} g4 {[%clk 0:24:23]} 34. b5 {[%clk 0:20:50]} Qe4+
{[%clk 0:10:08]} 35. Kf2 {[%clk 0:17:48]} h5 {[%clk 0:06:07]} 36. Qg3
{[%clk 0:16:25]} cxb5 {[%clk 0:04:07]} 37. axb5 {[%clk 0:14:28]} Qf5+
{[%clk 0:03:45]} 38. Kg2 {[%clk 0:10:13]} Qd5+ {[%clk 0:03:19]} 39. Kf1
{[%clk 0:08:24]} Qxc5 {[%clk 0:03:22]} 40. Qb8+ {[%clk 0:38:03]} Kg7
{[%clk 0:33:44]} 41. Qxb7 {[%clk 0:34:04]} Qe3 {[%clk 0:33:05]} 42. Qg2
{[%clk 0:33:28]} Qc1+ {[%clk 0:32:42]} 43. Kf2 {[%clk 0:33:47]} Qb2+
{[%clk 0:32:28]} 44. Ke3 {[%clk 0:33:17]} Qxg2 {[%clk 0:32:52]} 0-1

[Event "WCO 2016"]
[Site "?"]
[Date "2016.09.13"]
[Round "11"]
[Board "25"]
[WhiteID "6403557"]
[White "Diaz Cesar Wilsaida Pieranlly"]
[BlackID "11301287"]
[Black "Francis Onkemetse"]
[Result "1/2-1/2"]
[BlackElo "1777"]
[WhiteElo "1889"]
[LiveChessVersion "1.4.8"]

1. e4 {[%clk 1:30:57]} d5 {[%clk 1:30:44]} 2. exd5 {[%clk 1:31:21]} Qxd5
{[%clk 1:31:10]} 3. Nc3 {[%clk 1:31:45]} Qd8 4. Nf3 {[%clk 1:31:49]} Nf6
{[%clk 1:31:51]} 5. d4 {[%clk 1:30:00]} Bf5 {[%clk 1:30:06]} 6. Bf4
{[%clk 1:26:36]} c6 {[%clk 1:29:41]} 7. Bd3 {[%clk 1:24:09]} Bxd3
{[%clk 1:29:58]} 8. Qxd3 {[%clk 1:24:37]} e6 {[%clk 1:30:00]} 9. O-O
{[%clk 1:24:50]} Bd6 {[%clk 1:25:17]} 10. Bxd6 {[%clk 1:22:19]} Qxd6
{[%clk 1:25:30]} 11. Ne4 {[%clk 1:22:29]} Nxe4 {[%clk 1:18:02]} 12. Qxe4
{[%clk 1:22:56]} Nd7 {[%clk 1:18:08]} 13. Rfe1 {[%clk 1:22:31]} Nf6
{[%clk 1:14:14]} 14. Qe5 {[%clk 1:21:50]} Qxe5 {[%clk 1:14:06]} 15. Nxe5
{[%clk 1:21:33]} O-O {[%clk 1:11:38]} 16. Rad1 {[%clk 1:20:56]} Rfd8
{[%clk 1:10:32]} 17. c3 {[%clk 1:21:07]} Rd5 {[%clk 1:03:04]} 18. Nc4
{[%clk 1:18:31]} Rad8 {[%clk 1:01:04]} 19. b4 {[%clk 1:15:15]} b6
{[%clk 0:57:06]} 20. Ne3 {[%clk 1:11:38]} R5d7 {[%clk 0:55:40]} 21. a3
{[%clk 1:11:22]} Nd5 {[%clk 0:55:25]} 22. Rc1 {[%clk 1:09:39]} Nf4
{[%clk 0:53:35]} 23. Rc2 {[%clk 1:09:15]} Rc7 {[%clk 0:52:59]} 24. g3
{[%clk 1:09:28]} Ng6 {[%clk 0:52:35]} 25. Kg2 {[%clk 1:09:11]} Kf8
{[%clk 0:52:39]} 26. Rce2 {[%clk 1:09:12]} Ne7 {[%clk 0:52:08]} 27. Nc2
{[%clk 1:07:13]} Rcd7 {[%clk 0:46:51]} 28. Ne3 {[%clk 1:05:50]} Rc7
{[%clk 0:46:00]} 29. Rc2 {[%clk 1:05:48]} Rcd7 {[%clk 0:46:16]} 30. Rce2
{[%clk 1:06:11]} Rc7 {[%clk 0:46:05]} 1/2-1/2

[Event "WCO 2016"]
[Site "?"]
[Date "2016.09.13"]
[Round "11"]
[Board "26"]
[WhiteID "11301422"]
[White "Mbo Mabedi"]
[BlackID "6400574"]
[Black "Munoz Santana Doribel"]
[Result "1-0"]
[BlackElo "1899"]
[WhiteElo "1531"]
[LiveChessVersion "1.4.8"]

1. e4 {[%clk 1:30:58]} e5 {[%clk 1:30:55]} 2. Nc3 {[%clk 1:31:16]} Nc6
{[%clk 1:30:52]} 3. g3 {[%clk 1:31:37]} Bc5 {[%clk 1:29:49]} 4. Bg2
{[%clk 1:31:57]} Nf6 {[%clk 1:30:10]} 5. Nge2 {[%clk 1:31:40]} a6
{[%clk 1:27:42]} 6. O-O {[%clk 1:31:54]} d6 {[%clk 1:26:45]} 7. h3
{[%clk 1:32:12]} Be6 {[%clk 1:25:09]} 8. d3 {[%clk 1:32:30]} Qd7 {[%clk 1:24:57]}
9. Kh2 {[%clk 1:32:45]} O-O-O {[%clk 1:22:37]} 10. f4 {[%clk 1:32:52]} Qe7
{[%clk 1:19:44]} 11. f5 {[%clk 1:33:11]} Bd7 {[%clk 1:20:09]} 12. Bg5
{[%clk 1:33:19]} h6 {[%clk 1:20:27]} 13. Nd5 {[%clk 1:33:43]} Qf8
{[%clk 1:19:11]} 14. Bxf6 {[%clk 1:32:56]} gxf6 {[%clk 1:19:34]} 15. Nxf6
{[%clk 1:33:15]} h5 {[%clk 1:12:59]} 16. Nxd7 {[%clk 1:33:39]} Rxd7
{[%clk 1:12:29]} 17. a3 {[%clk 1:33:01]} f6 {[%clk 1:10:52]} 18. b4
{[%clk 1:33:27]} Ba7 {[%clk 1:11:12]} 19. c3 {[%clk 1:31:49]} Qg8
{[%clk 1:04:02]} 20. Qa4 {[%clk 1:31:34]} Rg7 {[%clk 1:01:48]} 21. Rf3
{[%clk 1:31:47]} Rhh7 {[%clk 0:54:53]} 22. b5 {[%clk 1:31:23]} axb5
{[%clk 0:54:42]} 23. Qxb5 {[%clk 1:31:21]} Bb6 {[%clk 0:52:45]} 24. Qd5
{[%clk 1:31:03]} Qxd5 {[%clk 0:48:12]} 25. exd5 {[%clk 1:31:19]} Ne7
{[%clk 0:48:03]} 26. c4 {[%clk 1:31:24]} Rg5 {[%clk 0:45:30]} 27. Raf1
{[%clk 1:30:45]} Rh8 {[%clk 0:42:34]} 28. Nc3 {[%clk 1:31:09]} Kd7
{[%clk 0:40:48]} 29. Ne4 {[%clk 1:31:34]} Rg7 {[%clk 0:38:38]} 30. Nxf6+
{[%clk 1:32:01]} Kd8 {[%clk 0:36:07]} 31. Ne4 {[%clk 1:29:47]} Rf7
{[%clk 0:24:53]} 32. f6 {[%clk 1:29:11]} Ng6 {[%clk 0:23:58]} 33. Ng5
{[%clk 1:29:23]} Rd7 {[%clk 0:23:39]} 34. Rf5 {[%clk 1:24:42]} Nf8
{[%clk 0:21:22]} 35. Ne6+ {[%clk 1:24:42]} Ke8 {[%clk 0:21:04]} 36. Rxh5
{[%clk 1:22:16]} Rxh5 {[%clk 0:19:30]} 37. Ng7+ {[%clk 1:22:43]} Kf7
{[%clk 0:18:24]} 38. Nxh5 {[%clk 1:23:05]} Nh7 {[%clk 0:18:13]} 39. Be4
{[%clk 1:22:23]} Ng5 {[%clk 0:15:12]} 40. Bf5 {[%clk 1:52:47]} Rd8
{[%clk 0:44:54]} 41. h4 {[%clk 1:53:11]} Nh7 {[%clk 0:44:46]} 42. g4
{[%clk 1:50:46]} Nf8 {[%clk 0:44:10]} 43. g5 {[%clk 1:50:57]} Ra8
{[%clk 0:44:17]} 44. Ra1 {[%clk 1:51:12]} Ng6 {[%clk 0:43:06]} 45. Be6+
{[%clk 1:49:10]} Kf8 {[%clk 0:43:02]} 46. Kh3 {[%clk 1:48:52]} Bf2
{[%clk 0:43:02]} 47. Ng3 {[%clk 1:47:00]} Nf4+ {[%clk 0:41:12]} 48. Kg4
{[%clk 1:46:50]} Nxd3 {[%clk 0:41:27]} 49. g6 {[%clk 1:46:43]} 1-0

[Event "WCO 2016"]
[Site "?"]
[Date "2016.09.13"]
[Round "11"]
[Board "27"]
[WhiteID "6406505"]
[White "Almanzar Vasquez Jennifer Maria"]
[BlackID "11301317"]
[Black "Francis Thapelo"]
[Result "0-1"]
[BlackElo "1700"]
[WhiteElo "1768"]
[LiveChessVersion "1.4.8"]

1. d4 {[%clk 1:30:57]} Nf6 {[%clk 1:30:50]} 2. Nf3 {[%clk 1:31:07]} e6
{[%clk 1:31:00]} 3. c4 {[%clk 1:31:26]} Bb4+ {[%clk 1:31:09]} 4. Nc3
{[%clk 1:30:36]} O-O {[%clk 1:29:59]} 5. Bg5 {[%clk 1:28:18]} d6 {[%clk 1:28:16]}
6. Qc2 {[%clk 1:28:32]} Nbd7 {[%clk 1:27:48]} 7. a3 {[%clk 1:28:06]} Bxc3+
{[%clk 1:27:34]} 8. Qxc3 {[%clk 1:28:27]} h6 {[%clk 1:26:12]} 9. Bh4
{[%clk 1:28:15]} Re8 {[%clk 1:26:15]} 10. e3 {[%clk 1:28:16]} e5 {[%clk 1:25:08]}
11. d5 {[%clk 1:26:30]} Nc5 {[%clk 1:24:18]} 12. Be2 {[%clk 1:25:06]} Nce4
{[%clk 1:24:17]} 13. Qc2 {[%clk 1:24:48]} Bd7 {[%clk 1:19:08]} 14. O-O
{[%clk 1:24:07]} c6 {[%clk 1:14:41]} 15. Qxe4 {[%clk 1:21:58]} Nxe4
{[%clk 1:14:31]} 16. Bxd8 {[%clk 1:22:26]} Raxd8 {[%clk 1:14:48]} 17. Rfd1
{[%clk 1:21:40]} cxd5 {[%clk 1:15:03]} 18. cxd5 {[%clk 1:22:04]} Rc8
{[%clk 1:14:00]} 19. Rac1 {[%clk 1:22:23]} Nf6 {[%clk 1:13:27]} 20. Bc4
{[%clk 1:21:02]} Ba4 {[%clk 1:12:18]} 21. Re1 {[%clk 1:19:39]} Rc7
{[%clk 1:11:21]} 22. Ba2 {[%clk 1:07:17]} Rec8 {[%clk 1:11:18]} 23. Rxc7
{[%clk 1:07:27]} Rxc7 {[%clk 1:11:42]} 24. h3 {[%clk 0:52:06]} Rc2
{[%clk 1:11:19]} 25. Nh4 {[%clk 0:43:04]} Rxb2 {[%clk 1:09:55]} 26. Bb1
{[%clk 0:43:25]} Nxd5 {[%clk 1:06:25]} 27. Nf5 {[%clk 0:43:08]} Nc3
{[%clk 1:05:30]} 28. Bd3 {[%clk 0:43:01]} e4 {[%clk 1:05:14]} 29. Bf1
{[%clk 0:42:34]} d5 {[%clk 1:04:42]} 30. Rc1 {[%clk 0:41:29]} Rc2
{[%clk 1:04:44]} 31. Rxc2 {[%clk 0:41:34]} Bxc2 {[%clk 1:05:08]} 32. Nd4
{[%clk 0:41:30]} Ba4 {[%clk 1:05:16]} 33. Be2 {[%clk 0:39:57]} a6
{[%clk 1:04:39]} 34. Kf1 {[%clk 0:39:54]} Nb1 {[%clk 1:04:39]} 35. Ke1
{[%clk 0:39:46]} Nxa3 {[%clk 1:04:58]} 36. Kd2 {[%clk 0:39:58]} Nb1+
{[%clk 0:59:54]} 37. Kc1 {[%clk 0:40:20]} Nc3 {[%clk 1:00:09]} 38. Bg4
{[%clk 0:40:25]} Nb5 {[%clk 0:55:32]} 39. Nc2 {[%clk 0:39:18]} Bxc2
{[%clk 0:54:36]} 40. Kxc2 {[%clk 1:09:46]} Nc7 {[%clk 1:24:52]} 41. Bc8
{[%clk 1:09:35]} b6 {[%clk 1:25:01]} 42. Kc3 {[%clk 1:10:01]} Kf8
{[%clk 1:25:01]} 43. Bb7 {[%clk 1:07:43]} Ke7 {[%clk 1:25:15]} 44. f3
{[%clk 1:08:03]} exf3 {[%clk 1:25:24]} 45. gxf3 {[%clk 1:08:32]} Kd6
{[%clk 1:25:15]} 46. Bc8 {[%clk 1:08:07]} a5 {[%clk 1:25:26]} 47. Bf5
{[%clk 1:08:06]} Kc5 {[%clk 1:25:31]} 48. Bd3 {[%clk 1:07:56]} b5
{[%clk 1:25:43]} 49. h4 {[%clk 1:07:51]} a4 {[%clk 1:25:59]} 50. Bf1
{[%clk 1:07:10]} b4+ {[%clk 1:26:21]} 51. Kb2 {[%clk 1:07:33]} Nb5
{[%clk 1:26:11]} 0-1

[Event "WCO 2016"]
[Site "?"]
[Date "2016.09.13"]
[Round "11"]
[Board "25"]
[WhiteID "7700598"]
[White "Soondarsingh Aditi"]
[BlackID "7400446"]
[Black "Richards Deborah"]
[Result "0-1"]
[BlackElo "2023"]
[WhiteElo "1736"]
[LiveChessVersion "1.4.8"]

1. e4 {[%clk 1:30:57]} c5 {[%clk 1:30:51]} 2. Nc3 {[%clk 1:31:22]} a6
{[%clk 1:30:10]} 3. f4 {[%clk 1:31:39]} e6 {[%clk 1:30:11]} 4. Nf3
{[%clk 1:32:04]} Nc6 {[%clk 1:29:42]} 5. Bc4 {[%clk 1:31:45]} b5 {[%clk 1:29:52]}
6. Be2 {[%clk 1:25:26]} d5 {[%clk 1:25:23]} 7. d3 {[%clk 1:21:38]} Nf6
{[%clk 1:18:59]} 8. e5 {[%clk 1:10:05]} Ng4 {[%clk 1:18:54]} 9. d4
{[%clk 1:00:27]} Qb6 {[%clk 1:08:30]} 10. h3 {[%clk 0:49:29]} Nh6
{[%clk 1:07:33]} 11. Bd3 {[%clk 0:41:40]} cxd4 {[%clk 0:55:24]} 12. Ne2
{[%clk 0:40:08]} Bd7 {[%clk 0:53:03]} 13. a3 {[%clk 0:38:02]} f6 {[%clk 0:43:43]}
14. exf6 {[%clk 0:31:13]} gxf6 {[%clk 0:43:32]} 15. Nfxd4 {[%clk 0:31:39]} Nxd4
{[%clk 0:43:04]} 16. Nxd4 {[%clk 0:31:35]} O-O-O {[%clk 0:29:38]} 17. Nb3
{[%clk 0:27:21]} e5 {[%clk 0:19:52]} 18. Qh5 {[%clk 0:16:37]} e4 {[%clk 0:18:33]}
19. Bf1 {[%clk 0:16:59]} Nf5 {[%clk 0:18:09]} 20. Bd2 {[%clk 0:14:18]} Ng3
{[%clk 0:16:41]} 21. Qh4 {[%clk 0:09:39]} Nxh1 {[%clk 0:13:38]} 22. O-O-O
{[%clk 0:08:24]} Be7 {[%clk 0:09:33]} 23. Kb1 {[%clk 0:07:33]} Rde8
{[%clk 0:03:34]} 24. f5 {[%clk 0:04:45]} Qf2 {[%clk 0:02:51]} 25. Qh6
{[%clk 0:02:26]} Ng3 {[%clk 0:02:47]} 26. Be3 {[%clk 0:01:53]} Qxf5
{[%clk 0:02:20]} 27. Nd4 {[%clk 0:01:38]} Qh5 {[%clk 0:02:22]} 28. Qf4
{[%clk 0:01:33]} Qxd1+ {[%clk 0:02:37]} 0-1

[Event "WCO 2016"]
[Site "?"]
[Date "2016.09.13"]
[Round "11"]
[Board "26"]
[WhiteID "7401302"]
[White "Miller Rachel"]
[BlackID "7700466"]
[Black "Smith Javanna"]
[Result "1-0"]
[BlackElo "1759"]
[WhiteElo "1971"]
[LiveChessVersion "1.4.8"]

1. e4 {[%clk 1:30:53]} c5 {[%clk 1:30:56]} 2. Nc3 {[%clk 1:31:09]} a6
{[%clk 1:31:16]} 3. f4 {[%clk 1:31:21]} b5 {[%clk 1:31:30]} 4. g3
{[%clk 1:31:34]} Bb7 {[%clk 1:31:51]} 5. Bg2 {[%clk 1:31:41]} e6 {[%clk 1:31:12]}
6. d3 {[%clk 1:31:04]} Nf6 {[%clk 1:30:47]} 7. Qe2 {[%clk 1:30:42]} Be7
{[%clk 1:17:50]} 8. Nf3 {[%clk 1:20:14]} d5 {[%clk 1:15:05]} 9. e5
{[%clk 1:20:12]} Nfd7 {[%clk 1:15:30]} 10. O-O {[%clk 1:18:12]} b4
{[%clk 1:11:52]} 11. Nd1 {[%clk 1:16:26]} a5 {[%clk 0:56:39]} 12. c4
{[%clk 1:10:47]} Na6 {[%clk 0:45:15]} 13. b3 {[%clk 1:08:52]} Nc7
{[%clk 0:42:02]} 14. Nf2 {[%clk 1:07:28]} a4 15. Rb1 {[%clk 1:01:46]} Nb6
{[%clk 0:32:07]} 16. Bb2 {[%clk 1:01:34]} a3 {[%clk 0:31:45]} 17. Bc1
{[%clk 1:00:43]} Nd7 {[%clk 0:23:19]} 18. g4 {[%clk 0:49:41]} Nf8
{[%clk 0:18:46]} 19. Qe3 {[%clk 0:32:06]} h5 {[%clk 0:11:07]} 20. h3
{[%clk 0:29:40]} hxg4 {[%clk 0:03:40]} 21. hxg4 {[%clk 0:29:10]} Ng6
{[%clk 0:02:00]} 22. f5 {[%clk 0:28:01]} Nh4 {[%clk 0:01:50]} 23. Nxh4
{[%clk 0:27:12]} Rxh4 {[%clk 0:02:13]} 24. Qf3 {[%clk 0:13:22]} Bg5
{[%clk 0:00:57]} 25. fxe6 {[%clk 0:12:13]} Nxe6 {[%clk 0:00:33]} 26. Nh3
{[%clk 0:11:32]} Rxh3 {[%clk 0:00:57]} 27. Qxf7# {[%clk 0:11:51]} 1-0

[Event "WCO 2016"]
[Site "?"]
[Date "2016.09.13"]
[Round "11"]
[Board "27"]
[WhiteID "7702523"]
[White "Yearwood Shannon"]
[BlackID "7400683"]
[Black "Smith Annesha"]
[Result "1/2-1/2"]
[BlackElo "1770"]
[WhiteElo "1662"]
[LiveChessVersion "1.4.8"]

1. e4 {[%clk 1:30:58]} c5 {[%clk 1:30:57]} 2. c3 {[%clk 1:31:24]} d6
{[%clk 1:31:12]} 3. d4 {[%clk 1:31:40]} cxd4 {[%clk 1:31:32]} 4. cxd4
{[%clk 1:31:56]} Nf6 {[%clk 1:31:58]} 5. Nc3 {[%clk 1:32:01]} e6 {[%clk 1:30:21]}
6. Nf3 {[%clk 1:30:39]} Be7 {[%clk 1:30:05]} 7. Bc4 {[%clk 1:26:10]} O-O
{[%clk 1:29:45]} 8. O-O {[%clk 1:26:01]} a6 {[%clk 1:30:05]} 9. e5
{[%clk 1:18:05]} Nfd7 {[%clk 1:27:37]} 10. a4 {[%clk 1:17:04]} Qc7
{[%clk 1:27:32]} 11. exd6 {[%clk 1:15:41]} Bxd6 {[%clk 1:28:01]} 12. Ba2
{[%clk 1:10:44]} Nf6 {[%clk 1:18:14]} 13. h3 {[%clk 1:10:09]} h6 {[%clk 1:18:14]}
14. Re1 {[%clk 1:05:54]} Nc6 {[%clk 1:14:16]} 15. Be3 {[%clk 0:54:42]} Rd8
{[%clk 1:06:08]} 16. Qe2 {[%clk 0:48:40]} Qa5 {[%clk 1:02:40]} 17. Nd2
{[%clk 0:42:39]} Bc7 {[%clk 0:56:12]} 18. Nb3 {[%clk 0:34:33]} Qb4
{[%clk 0:52:16]} 19. Qf3 {[%clk 0:33:16]} Qd6 {[%clk 0:50:40]} 20. Bxh6
{[%clk 0:28:03]} Qh2+ {[%clk 0:26:55]} 21. Kf1 {[%clk 0:28:16]} Rxd4
{[%clk 0:26:54]} 22. Be3 {[%clk 0:17:17]} Ne5 {[%clk 0:27:03]} 23. Qg3
{[%clk 0:14:45]} Qxg3 {[%clk 0:21:23]} 24. fxg3 {[%clk 0:15:12]} Rd8
{[%clk 0:21:05]} 25. Bf4 {[%clk 0:14:09]} Nfd7 {[%clk 0:19:56]} 26. Rad1
{[%clk 0:13:58]} f6 {[%clk 0:19:49]} 27. Nd4 {[%clk 0:13:21]} Nf8
{[%clk 0:19:37]} 28. Nf3 {[%clk 0:08:24]} Rxd1 {[%clk 0:17:14]} 29. Rxd1
{[%clk 0:08:39]} Nfg6 {[%clk 0:16:58]} 30. Nxe5 {[%clk 0:05:56]} Bxe5
{[%clk 0:12:43]} 31. Bxe5 {[%clk 0:05:34]} Nxe5 {[%clk 0:13:12]} 32. Ne4
{[%clk 0:05:32]} Kf7 {[%clk 0:13:07]} 33. Rc1 {[%clk 0:04:16]} Nc6
{[%clk 0:12:48]} 34. Nd6+ {[%clk 0:03:54]} Ke7 {[%clk 0:12:51]} 35. Nxc8+
{[%clk 0:04:18]} Rxc8 {[%clk 0:12:43]} 36. b4 {[%clk 0:03:28]} Na7
{[%clk 0:11:53]} 37. Rxc8 {[%clk 0:03:43]} Nxc8 {[%clk 0:12:22]} 38. Ke2
{[%clk 0:03:29]} Nb6 {[%clk 0:12:13]} 39. Bb3 {[%clk 0:03:23]} Kd6
{[%clk 0:12:19]} 40. Kd3 {[%clk 0:33:06]} Nd5 {[%clk 0:38:34]} 41. b5
{[%clk 0:25:28]} 1/2-1/2

[Event "WCO 2016"]
[Site "?"]
[Date "2016.09.13"]
[Round "11"]
[Board "28"]
[WhiteID "7400691"]
[White "Smith Melisha"]
[BlackID "7701128"]
[Black "Johnson Gabriella"]
[Result "0-1"]
[BlackElo "1794"]
[WhiteElo "1719"]
[LiveChessVersion "1.4.8"]

1. d4 {[%clk 1:30:57]} Nf6 {[%clk 1:30:56]} 2. c4 {[%clk 1:31:20]} e6
{[%clk 1:31:07]} 3. Nf3 {[%clk 1:31:41]} Bb4+ {[%clk 1:31:29]} 4. Nbd2
{[%clk 1:31:50]} b6 {[%clk 1:31:35]} 5. a3 {[%clk 1:31:59]} Be7 {[%clk 1:31:56]}
6. e4 {[%clk 1:30:04]} d6 {[%clk 1:29:31]} 7. Bd3 {[%clk 1:29:12]} Bb7
{[%clk 1:28:23]} 8. O-O {[%clk 1:27:09]} O-O {[%clk 1:26:24]} 9. Qc2
{[%clk 1:25:51]} h6 {[%clk 1:24:45]} 10. Re1 {[%clk 1:25:07]} c5 {[%clk 1:22:18]}
11. e5 {[%clk 1:22:30]} Nfd7 {[%clk 1:20:15]} 12. exd6 {[%clk 1:11:39]} Bxd6
{[%clk 1:20:34]} 13. Ne4 {[%clk 1:11:54]} Be7 {[%clk 1:17:27]} 14. Be3
{[%clk 1:01:08]} f5 {[%clk 1:10:43]} 15. Nc3 {[%clk 0:57:55]} Bxf3
{[%clk 1:08:57]} 16. gxf3 {[%clk 0:58:11]} cxd4 {[%clk 1:06:14]} 17. Bxd4
{[%clk 0:58:01]} Nc6 {[%clk 1:06:22]} 18. Ne2 {[%clk 0:47:51]} Nde5
{[%clk 1:02:34]} 19. Bxe5 {[%clk 0:39:22]} Nxe5 {[%clk 1:02:58]} 20. Nf4
{[%clk 0:36:26]} Nxf3+ {[%clk 1:01:51]} 21. Kf1 {[%clk 0:33:23]} Nxe1
{[%clk 1:00:04]} 22. Rxe1 {[%clk 0:33:36]} Qd6 {[%clk 0:53:03]} 23. Nxe6
{[%clk 0:19:08]} Rf6 {[%clk 0:51:26]} 24. Bxf5 {[%clk 0:18:00]} Bf8
{[%clk 0:43:58]} 25. c5 {[%clk 0:12:04]} bxc5 {[%clk 0:35:56]} 26. Bd3
{[%clk 0:04:35]} Qxh2 {[%clk 0:33:48]} 27. Re3 {[%clk 0:03:24]} Qh1+
{[%clk 0:30:12]} 28. Ke2 {[%clk 0:03:41]} Qg1 {[%clk 0:29:38]} 29. Kd2
{[%clk 0:02:04]} Rxf2+ {[%clk 0:29:57]} 30. Be2 {[%clk 0:01:55]} Re8
{[%clk 0:21:25]} 31. Qc4 {[%clk 0:02:00]} Kh8 {[%clk 0:20:56]} 32. Kc3
{[%clk 0:01:12]} Qc1+ {[%clk 0:19:25]} 33. Kd3 {[%clk 0:01:04]} Qxc4+
{[%clk 0:18:31]} 34. Kxc4 {[%clk 0:01:23]} Rf6 {[%clk 0:18:20]} 35. Kd5
{[%clk 0:01:23]} Rf5+ {[%clk 0:16:55]} 36. Kc4 {[%clk 0:01:11]} Bd6
{[%clk 0:15:56]} 37. Bd3 {[%clk 0:00:58]} Re5 {[%clk 0:13:42]} 38. Rxe5
{[%clk 0:00:45]} Bxe5 {[%clk 0:14:08]} 39. Kxc5 {[%clk 0:00:34]} Rxe6
{[%clk 0:14:31]} 0-1

[Event "WCO 2016"]
[Site "?"]
[Date "2016.09.13"]
[Round "11"]
[Board "29"]
[WhiteID "6203191"]
[White "Atikankhotchasee Manunthon"]
[BlackID "7300450"]
[Black "Figueroa Julissa"]
[Result "1-0"]
[BlackElo "1787"]
[WhiteElo "1696"]
[LiveChessVersion "1.4.8"]

1. d4 {[%clk 1:30:59]} d5 {[%clk 1:30:56]} 2. Bg5 {[%clk 1:31:17]} h6
{[%clk 1:31:17]} 3. Bh4 {[%clk 1:31:21]} c6 {[%clk 1:31:18]} 4. e3
{[%clk 1:31:36]} Qb6 {[%clk 1:31:37]} 5. Qc1 {[%clk 1:31:57]} e5 {[%clk 1:31:37]}
6. Nf3 {[%clk 1:28:13]} e4 {[%clk 1:31:46]} 7. Ne5 {[%clk 1:28:23]} Nd7
{[%clk 1:31:44]} 8. f4 {[%clk 1:27:29]} exf3 {[%clk 1:31:05]} 9. Nxf3
{[%clk 1:26:53]} Be7 {[%clk 1:23:43]} 10. Bxe7 {[%clk 1:26:55]} Nxe7
{[%clk 1:24:05]} 11. Bd3 {[%clk 1:25:47]} O-O {[%clk 1:15:14]} 12. O-O
{[%clk 1:26:03]} Nf6 {[%clk 1:02:03]} 13. Ne5 {[%clk 1:24:44]} Be6
{[%clk 0:57:34]} 14. Nd2 {[%clk 1:24:05]} c5 {[%clk 0:50:19]} 15. c3
{[%clk 1:24:23]} Nc6 {[%clk 0:49:28]} 16. Ndf3 {[%clk 1:21:50]} Nd7
{[%clk 0:49:20]} 17. Nxc6 {[%clk 1:16:16]} bxc6 {[%clk 0:48:08]} 18. Rb1
{[%clk 1:15:16]} cxd4 {[%clk 0:46:16]} 19. exd4 {[%clk 1:15:33]} c5
{[%clk 0:33:23]} 20. Kh1 {[%clk 1:13:21]} cxd4 {[%clk 0:33:07]} 21. Nxd4
{[%clk 1:13:34]} Ne5 {[%clk 0:29:45]} 22. Bc2 {[%clk 1:12:57]} Rae8
{[%clk 0:23:42]} 23. Qf4 {[%clk 1:03:03]} Qb8 {[%clk 0:20:00]} 24. Rfe1
{[%clk 0:58:44]} Nc4 {[%clk 0:19:16]} 25. Qxb8 {[%clk 0:58:39]} Rxb8
{[%clk 0:19:44]} 26. Bb3 {[%clk 0:54:12]} Nd2 {[%clk 0:18:31]} 27. Rbd1
{[%clk 0:54:07]} Nxb3 {[%clk 0:17:56]} 28. axb3 {[%clk 0:54:13]} Bg4
{[%clk 0:16:51]} 29. Ra1 {[%clk 0:54:19]} Rfe8 {[%clk 0:16:17]} 30. h3
{[%clk 0:53:17]} Rxe1+ {[%clk 0:15:55]} 31. Rxe1 {[%clk 0:50:50]} Bh5
{[%clk 0:16:04]} 32. b4 {[%clk 0:44:47]} Bg6 {[%clk 0:15:40]} 33. Ra1
{[%clk 0:40:14]} Rb7 {[%clk 0:14:16]} 34. Ra5 {[%clk 0:39:21]} Be4
{[%clk 0:14:29]} 35. Kg1 {[%clk 0:38:50]} f5 {[%clk 0:13:42]} 36. Kf2
{[%clk 0:30:36]} f4 {[%clk 0:12:16]} 37. h4 {[%clk 0:29:50]} Rf7 {[%clk 0:11:06]}
38. Nc6 {[%clk 0:27:22]} Rf6 {[%clk 0:08:00]} 39. Ne7+ {[%clk 0:26:35]} Kh7
{[%clk 0:07:54]} 40. Nxd5 {[%clk 0:55:38]} Rf7 {[%clk 0:37:01]} 41. c4
{[%clk 0:54:39]} Bxd5 {[%clk 0:25:20]} 42. Rxd5 {[%clk 0:54:45]} Rb7
{[%clk 0:25:43]} 43. b5 {[%clk 0:53:50]} Rc7 {[%clk 0:25:57]} 44. c5
{[%clk 0:53:36]} 1-0